|
|
|
|
| LEADER |
00000nam a22000007a 4500 |
| 005 |
2021091008348.0 |
| 007 |
cr|||| |||| |
| 008 |
210910s2020 br |||||s|||| 00||0 por d |
| 020 |
|
|
|a 978-65-5515-049-0
|
| 035 |
|
|
|a 35178
|
| 040 |
|
|
|a vLex
|
| 090 |
|
|
|c 12402
|d 12402
|
| 100 |
1 |
|
|a Gouveia Bueno, Rafael
|
| 245 |
1 |
0 |
|a Protesto de Sentenȧ e Outras Decise̳s Judiciais
|h [Recurso electrn̤ico] /
|c Rafael Gouveia Bueno, Sřgio Luiz Jos ̌Bueno
|
| 256 |
|
|
|a Servicio en ln̕ea
|
| 260 |
|
|
|a San Pablo:
|b Editora Foco,
|c 2020
|
| 300 |
|
|
|a 1 recurso electrn̤ico
|
| 506 |
1 |
|
|a Disponible solo en los productos indicados
|d vLex Global
|d vLex Global (Academic Edition, excluding Law Schools)
|d vLex Global (U.S. Academic Edition, Law Schools)
|d vLex Global (U.S. Academic Edition, excluding Law Schools)
|d vLex Global (Academic Edition, Law Schools)
|
| 650 |
0 |
4 |
|a Ciencias sociales
|z Brasil
|
| 700 |
1 |
|
|a Bueno, Sřgio Luiz Još
|
| 740 |
0 |
|
|a vLex Libros (Servicio en ln̕ea)
|
| 856 |
4 |
0 |
|u https://app.vlex.com/#/sources/35178
|z Acceso restringido
|
| 942 |
|
|
|c BOOK
|
| 999 |
0 |
|
|a Social Sciences
|